| 000 | 01263nam a2200265 4500 | ||
|---|---|---|---|
| 001 | 0 | ||
| 003 | 0 | ||
| 005 | 20211102120903.0 | ||
| 007 | 0 | ||
| 008 | 0 | ||
| 020 | _a812192524-X | ||
| 038 | _aKhadija | ||
| 040 | _c0 | ||
| 082 |
_a621.81 _bKHU |
||
| 100 |
_aKhurmi R.S. _924542 |
||
| 245 |
_aTheory Of Machines / _cR.S. Khurmi , J.K Gupta |
||
| 260 |
_aNew Delhi _bS. Chand Private Ltd _c2012 |
||
| 300 | _axii,1070,p | ||
| 505 | _aIntroduction (Page-1), Kinematics Of Motion (Page-8), Kinetics Of Motion (Page-24), Simple Harmonic Motion (Page-72), Simple Mechanisms (Page-94), Velocity In Mechanisms (Page-119), Acceleration In Mechanisms (Page-174), Mechanisms With Lower Pairs (Page-232), Friction (Page-258), Belt, Rope And Chain Drives (Page-325), Tooth Gearing (Page-382), Gear Trains (Page-428), Gyroscopic Couple And Precessional Motion (Page-480), Inertia Forces In Reciprocating Parts (Page-514), Turning Movement Diagrams And Flywheel (Page-565), Brakes And Dynamometer (Page-732), Cams (Page-774), Balancing Of Rotating Masses (Page-833), Torsional Vibrations (Page-972), Automatic Control (Page-1050) | ||
| 520 | _a | ||
| 538 | _iAlmirah No.46 Shelf No.2 | ||
| 563 | _aPaperback | ||
| 700 |
_aR.S Khurmi _927450 |
||
| 942 |
_cBK _2ddc |
||
| 999 |
_c31780 _d31780 |
||